<?xml version="1.0" encoding="UTF-8"?>
<record
    xmlns:xsi="http://www.w3.org/2001/XMLSchema-instance"
    xsi:schemaLocation="http://www.loc.gov/MARC21/slim http://www.loc.gov/standards/marcxml/schema/MARC21slim.xsd"
    xmlns="http://www.loc.gov/MARC21/slim">

  <leader>01529nam a22002537a 4500</leader>
  <datafield tag="999" ind1=" " ind2=" ">
    <subfield code="c">67820</subfield>
    <subfield code="d">67820</subfield>
  </datafield>
  <controlfield tag="005">20241217110936.0</controlfield>
  <controlfield tag="008">190711b        th ||||| |||| 00| 0 tha d</controlfield>
  <datafield tag="040" ind1=" " ind2=" ">
    <subfield code="a">NALT</subfield>
  </datafield>
  <datafield tag="050" ind1=" " ind2=" ">
    <subfield code="a">HD 6300 </subfield>
    <subfield code="b">&#xE1B;712&#xE04;</subfield>
  </datafield>
  <datafield tag="100" ind1="0" ind2=" ">
    <subfield code="a">&#xE40;&#xE1B;&#xE23;&#xE21;&#xE43;&#xE08; &#xE27;&#xE31;&#xE07;&#xE28;&#xE34;&#xE23;&#xE34;&#xE44;&#xE1E;&#xE28;&#xE32;&#xE25;</subfield>
    <subfield code="9">40946</subfield>
  </datafield>
  <datafield tag="245" ind1="1" ind2="0">
    <subfield code="a">&#xE42;&#xE04;&#xE23;&#xE07;&#xE01;&#xE32;&#xE23;&#xE27;&#xE34;&#xE08;&#xE31;&#xE22;&#xE04;&#xE27;&#xE32;&#xE21;&#xE21;&#xE31;&#xE48;&#xE19;&#xE04;&#xE07;&#xE02;&#xE2D;&#xE07;&#xE21;&#xE19;&#xE38;&#xE29;&#xE22;&#xE4C;&#xE43;&#xE19;&#xE01;&#xE25;&#xE38;&#xE48;&#xE21;&#xE1C;&#xE39;&#xE49;&#xE22;&#xE49;&#xE32;&#xE22;&#xE16;&#xE34;&#xE48;&#xE19;&#xE40;&#xE1E;&#xE37;&#xE48;&#xE2D;&#xE2A;&#xE31;&#xE07;&#xE04;&#xE21;&#xE2A;&#xE21;&#xE32;&#xE19;&#xE09;&#xE31;&#xE19;&#xE17;&#xE4C; : &#xE01;&#xE23;&#xE13;&#xE35;&#xE28;&#xE36;&#xE01;&#xE29;&#xE32;&#xE41;&#xE23;&#xE07;&#xE07;&#xE32;&#xE19;&#xE15;&#xE48;&#xE32;&#xE07;&#xE0A;&#xE32;&#xE15;&#xE34;&#xE44;&#xE23;&#xE49;&#xE1D;&#xE35;&#xE21;&#xE37;&#xE2D;&#xE41;&#xE25;&#xE30;&#xE1C;&#xE39;&#xE49;&#xE25;&#xE35;&#xE49;&#xE20;&#xE31;&#xE22;</subfield>
  </datafield>
  <datafield tag="260" ind1="3" ind2=" ">
    <subfield code="a">&#xE01;&#xE23;&#xE38;&#xE07;&#xE40;&#xE17;&#xE1E;&#xE2F; : </subfield>
    <subfield code="b">&#xE2A;&#xE16;&#xE32;&#xE1A;&#xE31;&#xE19;&#xE40;&#xE2D;&#xE40;&#xE0A;&#xE35;&#xE22;&#xE28;&#xE36;&#xE01;&#xE29;&#xE32; &#xE08;&#xE38;&#xE2C;&#xE32;&#xE25;&#xE07;&#xE01;&#xE23;&#xE13;&#xE4C;&#xE21;&#xE2B;&#xE32;&#xE27;&#xE34;&#xE17;&#xE22;&#xE32;&#xE25;&#xE31;&#xE22;, </subfield>
    <subfield code="c">&#xE21;.&#xE1B;.&#xE1B;.</subfield>
  </datafield>
  <datafield tag="300" ind1=" " ind2=" ">
    <subfield code="a">84 &#xE2B;&#xE19;&#xE49;&#xE32; :</subfield>
    <subfield code="b"> &#xE15;&#xE32;&#xE23;&#xE32;&#xE07; ;</subfield>
    <subfield code="c"> 30 &#xE0B;&#xE21;.</subfield>
  </datafield>
  <datafield tag="650" ind1=" " ind2="0">
    <subfield code="a">&#xE41;&#xE23;&#xE07;&#xE07;&#xE32;&#xE19;&#xE15;&#xE48;&#xE32;&#xE07;&#xE14;&#xE49;&#xE32;&#xE27;</subfield>
    <subfield code="9">19459</subfield>
  </datafield>
  <datafield tag="650" ind1=" " ind2="4">
    <subfield code="a">&#xE41;&#xE23;&#xE07;&#xE07;&#xE32;&#xE19;&#xE44;&#xE21;&#xE48;&#xE21;&#xE35;&#xE1D;&#xE35;&#xE21;&#xE37;&#xE2D;</subfield>
    <subfield code="9">40947</subfield>
  </datafield>
  <datafield tag="650" ind1=" " ind2="4">
    <subfield code="a">&#xE1C;&#xE39;&#xE49;&#xE25;&#xE35;&#xE49;&#xE20;&#xE31;&#xE22;</subfield>
    <subfield code="9">21992</subfield>
  </datafield>
  <datafield tag="700" ind1="0" ind2=" ">
    <subfield code="9">40944</subfield>
    <subfield code="a">&#xE2D;&#xE31;&#xE07;&#xE04;&#xE13;&#xE32; &#xE01;&#xE21;&#xE25;&#xE40;&#xE1E;&#xE47;&#xE0A;&#xE23;&#xE4C;</subfield>
  </datafield>
  <datafield tag="700" ind1="0" ind2=" ">
    <subfield code="9">25842</subfield>
    <subfield code="a">&#xE27;&#xE23;&#xE31;&#xE0D;&#xE0D;&#xE32; &#xE08;&#xE34;&#xE15;&#xE23;&#xE1C;&#xE48;&#xE2D;&#xE07;</subfield>
  </datafield>
  <datafield tag="700" ind1="0" ind2=" ">
    <subfield code="9">22346</subfield>
    <subfield code="a">&#xE01;&#xE19;&#xE01;&#xE1E;&#xE23;&#xE23;&#xE13; &#xE2D;&#xE22;&#xE39;&#xE48;&#xE0A;&#xE32;</subfield>
  </datafield>
  <datafield tag="700" ind1="0" ind2=" ">
    <subfield code="9">40945</subfield>
    <subfield code="a">&#xE08;&#xE31;&#xE19;&#xE17;&#xE23;&#xE4C;&#xE40;&#xE1E;&#xE47;&#xE0D; &#xE2B;&#xE21;&#xE39;&#xE48;&#xE1B;&#xE31;&#xE19;</subfield>
  </datafield>
  <datafield tag="850" ind1=" " ind2=" ">
    <subfield code="a">NALT</subfield>
  </datafield>
  <datafield tag="942" ind1=" " ind2=" ">
    <subfield code="c">RSH</subfield>
    <subfield code="0">2</subfield>
    <subfield code="2">lcc</subfield>
  </datafield>
  <datafield tag="998" ind1=" " ind2=" ">
    <subfield code="j">1020</subfield>
    <subfield code="k"> &#xE19;&#xE32;&#xE07;&#xE08;&#xE33;&#xE40;&#xE23;&#xE35;&#xE22;&#xE07;  &#xE23;&#xE30;&#xE27;&#xE31;&#xE07;&#xE2A;&#xE33;&#xE42;&#xE23;&#xE07;</subfield>
  </datafield>
  <datafield tag="952" ind1=" " ind2=" ">
    <subfield code="0">0</subfield>
    <subfield code="1">0</subfield>
    <subfield code="2">lcc</subfield>
    <subfield code="4">0</subfield>
    <subfield code="7">0</subfield>
    <subfield code="8">CRSH</subfield>
    <subfield code="a">NALT</subfield>
    <subfield code="b">NALT</subfield>
    <subfield code="d">2022-11-23</subfield>
    <subfield code="e">&#xE1A;&#xE23;&#xE34;&#xE08;&#xE32;&#xE04;</subfield>
    <subfield code="l">2</subfield>
    <subfield code="m">2</subfield>
    <subfield code="o">&#xE27; HD 6300 &#xE1B;712&#xE04;</subfield>
    <subfield code="p">3961192073</subfield>
    <subfield code="r">2022-12-07 00:00:00</subfield>
    <subfield code="s">2022-11-23</subfield>
    <subfield code="w">2017-06-09</subfield>
    <subfield code="y">RSH</subfield>
  </datafield>
</record>
